เปลี่ยนเป็นภาษาไทย

Change to English
 แสดงรายละเอียดบรรณานุกรม
  กลับหน้าหลัก

Brief Record : Get Marc (ISO 2709) : E-mail record : QR code ปิดหน้าต่าง
สื่อวีดิทัศน์ : เกี่ยวกับ Collections
LEADER 01174nam 2200277 a 4500
001    13399142825
003     ULIBM
008    030417s|||| caua sb 001 0 eng
020    ^a978-974-03-4080-5
099    ^aAR-1201
100    ^aไตรรัตน์ จารุทัศน์
245    ^aบ้านปลอดภัยวัยเกษียณ
250    ^a2565
260    ^a2565
913    ^aImported by ULIBM Administrator
949    ^aImport form external file by ULIBM system
รายการนี้ยังไม่มีแท็ก
คุณยังไม่ได้ล็อกอิน คุณสามารถมีกิจกรรมร่วมกับเว็บไซต์ได้ แต่ต้องล็อกอินก่อน ::
  ล็อกอิน
ไม่มีไอเทมให้บริการ
ไม่มีไอเทมให้บริการ

BibComment


ยังไม่เคยถูกคอมเมนท์

คอมเมนท์ทรัพยากรรายการนี้
  คอมเมนท์: บ้านปลอดภัยวัยเก..
Bib 13399142825


 Union Library Management : ULibM
Copyright 2026. All Rights Reserved.